[Event "CAN-ch U08"]
[Site "Windsor"]
[Date "2010.07.08"]
[Round "5"]
[White "Zhong, Xiao Xuan"]
[Black "Hu, Henry"]
[Result "1-0"]
[WhiteElo "1214"]
[BlackElo "1110"]
[PlyCount "29"]
[EventDate "2010.07.06"]
[EventType "swiss"]
[EventRounds "7"]
[EventCountry "CAN"]
[SourceTitle "EXT 2012"]
[Source "ChessBase"]
[SourceDate "2011.11.24"]
[SourceVersion "1"]
[SourceVersionDate "2011.11.24"]
[SourceQuality "1"]

1. e4 e5 2. Nf3 Nc6 3. Bc4 Nf6 4. d4 Nxe4 5. dxe5 Bc5 6. Qd5 0-0 7. Qxe4 b6 8. 0-0 Bb7 9. Nc3 Rb8 10. Bg5 Be7 11. Bxe7 Nxe7 12. Nd5 Re8 13. Ng5 f5 14. Nxe7+ Kh8 15. Nf7# 1-0

[Event "CAN-ch U08"]
[Site "Windsor"]
[Date "2010.07.07"]
[Round "3"]
[White "Bacic, Joyce"]
[Black "Zhong, Xiao Xuan"]
[Result "0-1"]
[WhiteElo "552"]
[BlackElo "1214"]
[PlyCount "116"]
[EventDate "2010.07.06"]
[EventType "swiss"]
[EventRounds "7"]
[EventCountry "CAN"]
[SourceTitle "EXT 2012"]
[Source "ChessBase"]
[SourceDate "2011.11.24"]
[SourceVersion "1"]
[SourceVersionDate "2011.11.24"]
[SourceQuality "1"]

1. d4 d5 2. e3 Nc6 3. Bb5 a6 4. Bd3 Nf6 5. Bd2 Bg4 6. f3 Bh5 7. g4 Bg6 8. g5 Nd7 9. e4 dxe4 10. fxe4 Nxd4 11. c3 Nc6 12. Na3 Nc5 13. Be2 Bxe4 14. Bf3 Bxf3 15. Nxf3 e6 16. Be3 Qxd1+ 17. Rxd1 Bd6 18. Rxd6 cxd6 19. g6 fxg6 20. Ng5 0-0-0 21. Nf7 Nd3+ 22. Ke2 Nxb2 23. Nxh8 Rxh8 24. Bc1 Na4 25. c4 Kd7 26. c5 Nxc5 27. Bb2 Rf8 28. Bxg7 Rf4 29. Rf1 Re4+ 30. Kf2 Ra4 31. Nc2 Rxa2 32. Rc1 Nd3+ 33. Ke2 Nxc1+ 34. Kd2 Nb4 35. Kxc1 Rxc2+ 36. Kd1 Rxh2 37. Bc3 Rh4 38. Be1 Rg4 39. Ke2 Re4+ 40. Kd1 Nd3 41. Ba5 Re1+ 42. Bxe1 Nxe1 43. Kxe1 h5 44. Kf1 Ke7 45. Kf2 Kf6 46. Kg3 Kg5 47. Kh3 a5 48. Kg2 a4 49. Kf2 a3 50. Ke2 a2 51. Ke3 a1R 52. Kf3 Ra4 53. Kf2 Ra3 54. Kf1 Ra2 55. Ke1 Kf4 56. Kf1 Ke3 57. Kg1 Kf3 58. Kf1 Ra1# 0-1

[Event "CAN-ch U08"]
[Site "Windsor"]
[Date "2010.07.06"]
[Round "2"]
[White "Ene, Nicholas"]
[Black "Zhong, Xiao Xuan"]
[Result "1-0"]
[WhiteElo "1312"]
[BlackElo "1214"]
[PlyCount "49"]
[EventDate "2010.07.06"]
[EventType "swiss"]
[EventRounds "7"]
[EventCountry "CAN"]
[SourceTitle "EXT 2012"]
[Source "ChessBase"]
[SourceDate "2011.11.24"]
[SourceVersion "1"]
[SourceVersionDate "2011.11.24"]
[SourceQuality "1"]

1. e4 e5 2. Nf3 f5 3. exf5 d6 4. Nc3 Bxf5 5. a3 a5 6. h3 Nf6 7. d3 Nc6 8. g3 d5 9. Bd2 Bc5 10. Bg2 0-0 11. 0-0 Qd7 12. Kh2 Nh5 13. g4 Bg6 14. gxh5 Bxh5 15. Qe2 Rf6 16. Bg5 Rg6 17. Bd2 Rf8 18. Rg1 Bxf3 19. Bxf3 Rgf6 20. Rg3 Nd4 21. Bxd5+ Kh8 22. Qg4 Rxf2+ 23. Kh1 Rxd2 24. Qxd7 Nxc2 25. Qxg7# 1-0